Arctic Policy of the European Union

Prijaté politiky pre Arktídu EÚ od uznesenia Európskeho parlamentu o riadení arktického režimu od roku 2008 do roku 2016 k spoločnému oznámeniu "Integrovaná politika EÚ pre Arktídu". Spoločné oznámenie kladie oveľa väčšiu pozornosť vnútornému rozmeru arktickej oblasti EÚ záležitosti než akékoľvek pr...

Descripción completa

Guardado en:
Detalles Bibliográficos
Autor principal: Harakaľová, Dorota, 1989-
Formato: Capítulo de libro
Lenguaje:inglés
Materias:
Etiquetas: Agregar Etiqueta
Sin Etiquetas, Sea el primero en etiquetar este registro!

MARC

LEADER 00000nla a2200000 4500
001 0243819
005 20240502083652.9
041 0 |a eng 
044 |a CZ 
245 1 0 |a Arctic Policy of the European Union 
520 |a Prijaté politiky pre Arktídu EÚ od uznesenia Európskeho parlamentu o riadení arktického režimu od roku 2008 do roku 2016 k spoločnému oznámeniu "Integrovaná politika EÚ pre Arktídu". Spoločné oznámenie kladie oveľa väčšiu pozornosť vnútornému rozmeru arktickej oblasti EÚ záležitosti než akékoľvek predchádzajúce dokumenty, ktoré sa zaoberajú politikou EÚ v oblasti Arktídy. 
610 2 0 |a prostredie životné 
610 2 0 |a dohody medzinárodné 
610 2 0 |a projekty medzinárodné 
610 2 0 |a Európska únia 
610 2 0 |a politika 
610 2 0 |a rozvoj trvalo udržateľný 
610 2 0 |a regióny 
100 1 |a Harakaľová, Dorota, 1989-